Podpora medzinárodných aktivít malých a stredných podnikov v Európskej únii bakalárska práca

Gespeichert in:
Bibliographische Detailangaben
1. Verfasser: Ďurkechová, Petra
Körperschaft: Obchodná fakulta EU. Katedra služieb a cestovného ruchu - zrušené
Weitere Verfasser: Veszprémi Sirotková, Anna, 1966-
Format: Buch
Sprache:Slowakisch
Veröffentlicht: Bratislava 2011
Tags: Tag hinzufügen
Keine Tags, Fügen Sie das erste Tag hinzu!

MARC

LEADER 00000nbm a2200000 4500
001 0132118
005 20161109111431.3
041 0 |a slo 
044 |a SK 
245 1 0 |a Podpora medzinárodných aktivít malých a stredných podnikov v Európskej únii  |b bakalárska práca  |c Petra Ďurkechová ; školiteľ: Anna Sirotková 
264 1 |a Bratislava  |c 2011 
300 |a 51 s. 
100 1 |a Ďurkechová, Petra 
700 1 |a Veszprémi Sirotková, Anna, 1966- 
710 2 |a Obchodná fakulta EU. Katedra služieb a cestovného ruchu - zrušené